[Event "Murmansk Basamro U16 4th"]
[Site "Murmansk"]
[Date "2016.10.09"]
[Round "5.2"]
[White "Bubnov, Kirill"]
[Black "Kirakosyan, Kamilla"]
[Result "1/2-1/2"]
[WhiteElo "2041"]
[BlackElo "1864"]
[PlyCount "70"]
[EventDate "2016.10.06"]
[EventType "team-tourn"]
[EventRounds "5"]
[EventCountry "RUS"]
[SourceTitle "EXT 2017"]
[Source "ChessBase"]
[SourceDate "2016.10.25"]
[SourceVersion "1"]
[SourceVersionDate "2016.10.25"]
[SourceQuality "1"]
[WhiteTeam "Leningrad Region"]
[BlackTeam "Novorossiisk"]
[WhiteTeamCountry "RUS"]
[BlackTeamCountry "RUS"]

1. d4 d5 2. c4 e6 3. Nf3 c6 4. cxd5 exd5 5. Nc3 Nf6 6. Bg5 h6 7. Bf4 Bd6 8. Bxd6 Qxd6 9. Qc2 0-0 10. e3 Re8 11. Bd3 Qe7 12. 0-0 Ne4 13. Ne5 Nd7 14. f4 Ndf6 15. Bxe4 Nxe4 16. Nxe4 Bf5 17. Qf2 Bxe4 18. f5 Qf6 19. h4 Rxe5 20. dxe5 Qxe5 21. f6 g6 22. Qf4 Qxb2 23. Qf2 Qxf2+ 24. Rxf2 Re8 25. Rc1 Re6 26. Rc3 Bf5 27. Ra3 a6 28. Rb2 Rxf6 29. Rxb7 c5 30. Rb8+ Kg7 31. Ra8 Rb6 32. Rb3 Rc6 33. Ra3 Rb6 34. Rb3 Rc6 35. Ra3 Bc8 1/2-1/2

[Event "Nebug op"]
[Site "Nebug"]
[Date "2016.03.29"]
[Round "9.2"]
[White "Belkina, Kristina"]
[Black "Kirakosyan, Kamilla"]
[Result "0-1"]
[WhiteElo "1598"]
[BlackElo "1769"]
[PlyCount "88"]
[EventDate "2016.03.22"]
[EventType "tourn"]
[EventRounds "9"]
[EventCountry "RUS"]
[SourceTitle "EXT 2022"]
[Source "ChessBase"]
[SourceDate "2021.10.06"]
[SourceVersion "1"]
[SourceVersionDate "2021.10.06"]
[SourceQuality "1"]

1. e4 c5 2. Nc3 Nc6 3. g3 d6 4. Bg2 g6 5. d3 Bg7 6. f4 e6 7. Nf3 Nf6 8. 0-0 0-0 9. h3 Qb6 10. Kh2 Ne8 11. g4 Bd7 12. Ne2 Nd4 13. c3 Nxf3+ 14. Bxf3 f5 15. g5 e5 16. Ng3 exf4 17. Bxf4 Qxb2+ 18. Qd2 Qxc3 19. exf5 Qxd2+ 20. Bxd2 Bxa1 21. Rxa1 Bc6 22. Bg4 gxf5 23. Nxf5 Ng7 24. Nh6+ Kh8 25. Bc3 Rf2+ 26. Kg3 Raf8 27. Re1 d5 28. Be5 d4 29. Bd6 Nf5+ 30. Bxf5 R2xf5 31. Be5+ Rxe5 32. Rxe5 Rf3+ 33. Kh4 Bd7 34. Ng4 b6 35. Re7 Bxg4 36. Kxg4 Rxd3 37. h4 Re3 38. Rxa7 d3 39. Kh5 c4 40. Ra8+ Kg7 41. Ra7+ Kg8 42. Ra8+ Kf7 43. Rb8 d2 44. Rd8 Rd3 0-1

[Event "Nebug op"]
[Site "Nebug"]
[Date "2016.03.23"]
[Round "3.3"]
[White "Kirakosyan, Kamilla"]
[Black "Demchenko, Alisa"]
[Result "1/2-1/2"]
[WhiteElo "1769"]
[BlackElo "1822"]
[PlyCount "55"]
[EventDate "2016.03.22"]
[EventType "tourn"]
[EventRounds "9"]
[EventCountry "RUS"]
[SourceTitle "EXT 2022"]
[Source "ChessBase"]
[SourceDate "2021.10.06"]
[SourceVersion "1"]
[SourceVersionDate "2021.10.06"]
[SourceQuality "1"]

1. d4 Nf6 2. c4 g6 3. Nc3 Bg7 4. Nf3 0-0 5. e4 d6 6. Be2 e5 7. dxe5 dxe5 8. Qxd8 Rxd8 9. Bg5 Re8 10. Rd1 c6 11. 0-0 Nbd7 12. h3 Nc5 13. Nd2 Ne6 14. Be3 Nd4 15. Bd3 Nd7 16. Nb3 Nxb3 17. axb3 Bf8 18. Bc2 Bc5 19. Bxc5 Nxc5 20. b4 Na6 21. b5 Nb4 22. Ba4 Be6 23. bxc6 bxc6 24. Nd5 cxd5 25. cxd5 Re7 26. dxe6 Rxe6 27. Rd7 Kf8 28. Rc1 1/2-1/2

[Event "Malaya Zemlya op"]
[Site "Novorossiysk"]
[Date "2014.07.14"]
[Round "6"]
[White "Volkov, Aleksandr Vik"]
[Black "Kirakosyan, Kamilla"]
[Result "1-0"]
[WhiteElo "1644"]
[BlackElo "1650"]
[PlyCount "77"]
[EventDate "2014.07.08"]
[EventType "swiss"]
[EventRounds "9"]
[EventCountry "RUS"]
[SourceTitle "CBM 161 Extra"]
[Source "ChessBase"]
[SourceDate "2014.08.29"]
[SourceVersion "1"]
[SourceVersionDate "2014.08.29"]
[SourceQuality "1"]

1. d4 d5 2. c4 e6 3. Nc3 Nf6 4. Bg5 c6 5. e3 Bd6 6. Nf3 Nbd7 7. Qc2 h6 8. Bh4 a6 9. a4 Qa5 10. c5 Be7 11. Rb1 b5 12. b4 Qd8 13. a5 0-0 14. h3 Nh7 15. Bg3 f5 16. Bd3 Nhf6 17. Ne2 g5 18. Ne5 Nxe5 19. Bxe5 Qe8 20. f3 Nd7 21. Bh2 Bf6 22. Kd2 Bg7 23. Bd6 Rf7 24. g4 Nf8 25. h4 fxg4 26. hxg5 gxf3 27. gxh6 fxe2 28. Rbg1 Raa7 29. Kxe2 Rad7 30. Ke1 Rf3 31. Qe2 Rdf7 32. Be5 R3f5 33. Rxg7+ Rxg7 34. hxg7 Rxe5 35. gxf8Q+ Qxf8 36. Qg4+ Kf7 37. Rh7+ Ke8 38. Bg6+ Kd8 39. Qh4+ 1-0

[Event "Malaya Zemlya op"]
[Site "Novorossiysk"]
[Date "2014.07.09"]
[Round "2"]
[White "Volkov, Evgeniy"]
[Black "Kirakosyan, Kamilla"]
[Result "1/2-1/2"]
[WhiteElo "1980"]
[BlackElo "1650"]
[PlyCount "62"]
[EventDate "2014.07.08"]
[EventType "swiss"]
[EventRounds "9"]
[EventCountry "RUS"]
[SourceTitle "CBM 161 Extra"]
[Source "ChessBase"]
[SourceDate "2014.08.29"]
[SourceVersion "1"]
[SourceVersionDate "2014.08.29"]
[SourceQuality "1"]

1. d4 d5 2. Nf3 c6 3. e3 e6 4. b3 f5 5. Bb2 Nf6 6. Ne5 Nbd7 7. f4 Ne4 8. Qh5+ Ke7 9. Ng6+ hxg6 10. Qxh8 Kf7 11. Qh3 Bd6 12. Bd3 Ndf6 13. Qf3 Bd7 14. c3 Ng4 15. Bxe4 dxe4 16. Qe2 Qe7 17. g3 c5 18. Nd2 Bc6 19. Nc4 cxd4 20. Nxd6+ Qxd6 21. cxd4 Qb4+ 22. Kd1 Bb5 23. Qd2 Qxd2+ 24. Kxd2 Nf2 25. Rhc1 Bc6 26. Rc3 Nd3 27. Rxd3 exd3 28. Kxd3 Be4+ 29. Kd2 Rc8 30. Rc1 Rxc1 31. Kxc1 a6 1/2-1/2